000 01352nam0a2200373 i 4500
001 RU\NLR\BIBL_A\010863167
005 20260406154052.0
010 _a9785894920207
_bФИМА
010 _a978-5-4439-0349-1
_bМЦНМО
_92000
021 _aRU
_b2015-70771
_94235
035 _a(NILC)RuMoRGB-008019303
035 _a(NLR Aleph) 010863167
090 _a10431012
_c10431012
100 _a20151016d2015 um y0rusy50 ca
101 0 _arus
102 _aRU
105 _aa|||z|||001yy
200 1 _aКомбинаторика
_fН. Я. Виленкин, А. Н. Виленкин, П. А. Виленкин
205 _a5-е изд.
210 _aМосква
_cФИМА
_cЦНМО
_d2015
215 _a399, [1] с.
_cил.
_d21
320 _aПредм. указ. в конце кн.
606 _aКомбинаторика
_9936291
_3RU\NLR\AUTH\6627045
675 _a512
686 1 _aВ151.3
700 1 _8rus
_7ca
_aВиленкин
_bН. Я.
_f1920-1991
_gНаум Яковлевич
_3RU\NLR\AUTH\776772
_9116720
701 1 _aВиленкин
_bА. Н.
_gАлександр Наумович
701 1 _aВиленкин
_bП. А.
_gПавел Александрович
801 0 _aRU
_bРГБ
_c20150911
_gRCR
801 1 _aRU
_bРГБ
_c20150911
_2rusmarc
942 _cBOOK
980 _aNBR